Методы установления в стационарных обратных задачах электроразведки и магниторазведки

Bibliographic Details
Main Author: Данилов В. Л. Виктор Лазаревич
Corporate Author: Российская академия естественных наук
Summary:Методы установления в стационарных обратных задачах электроразведки В книге изложены теория и приложения разработанных автором методов решения стационарных обратных задач (СОЗ) потенциала. Они основаны на погружении задач в пространство большей размерности, что позволило редуцировать СОЗ к задачам Коши. Решением исходной СОЗ является стационарная асимптотика решения задачи Коши при времени t, стремящемся к бесконечности. Предложенный подход позволяет решать СОЗ электроразведки и магниторазведки в нелинейной постановке. Для геофизиков, специалистов по математической физике и вычислительной математике, аспирантов и студентов старших курсов соответствующих специальностей.
Language:Russian
Published: Москва, Институт компьютерных исследований, 2006
Series:Современные нефтегазовые технологии
Subjects:
Format: Book
KOHA link:https://koha.lib.tpu.ru/cgi-bin/koha/opac-detail.pl?biblionumber=105396

MARC

LEADER 00000nam0a2200000 4500
001 105396
005 20231031114411.0
010 |a 5939725139 
035 |a (RuTPU)RU\TPU\book\113740 
090 |a 105396 
100 |a 20061116d2006 km y0rusy50 ca 
101 0 |a rus 
102 |a RU 
105 |a a z 001zy 
200 1 |a Методы установления в стационарных обратных задачах электроразведки и магниторазведки  |f В. Л. Данилов  |g Российская академия естественных наук 
210 |a Москва  |a Ижевск  |c Институт компьютерных исследований  |d 2006 
215 |a 124 с.  |c ил. 
225 1 |a Современные нефтегазовые технологии 
320 |a Библиогр.: с. 121-123. 
330 |a Методы установления в стационарных обратных задачах электроразведки В книге изложены теория и приложения разработанных автором методов решения стационарных обратных задач (СОЗ) потенциала. Они основаны на погружении задач в пространство большей размерности, что позволило редуцировать СОЗ к задачам Коши. Решением исходной СОЗ является стационарная асимптотика решения задачи Коши при времени t, стремящемся к бесконечности. Предложенный подход позволяет решать СОЗ электроразведки и магниторазведки в нелинейной постановке. Для геофизиков, специалистов по математической физике и вычислительной математике, аспирантов и студентов старших курсов соответствующих специальностей. 
610 1 |a электроразведка 
610 1 |a магниторазведка 
610 1 |a стационарные обратные задачи 
610 1 |a прямые нестационарные задачи 
610 1 |a редукция 
610 1 |a задача Коши 
675 |a 550.837  |v 3 
675 |a 550.838  |v 3 
700 1 |a Данилов  |b В. Л.  |g Виктор Лазаревич 
712 0 2 |a Российская академия естественных наук  |2 stltpush  |3 (RuTPU)RU\TPU\col\138 
801 1 |a RU  |b 63413507  |c 20061116  |g PSBO 
801 2 |a RU  |b 63413507  |c 20061215  |g PSBO 
942 |c BK